Statistics for Hribovja, gričevja - Štajerska

Click here to take the quiz!

General Stats

  • This quiz has been taken 154 times
  • The average score is 7 of 9

Answers on the Map

Answers color-coded by a green-red scale on the quiz's map according to % correct below.
 

Answer Stats

Answer% Correct
Haloze
98%
Goričko
95%
Slovenske gorice
94%
Kozjak s Košenjakom
90%
Lendavske gorice
89%
Bočko-Maceljsko hribovje
84%
Dravinjske gorice
70%
Ložniško gričevje
65%
Vitanjsko podolje
63%

Score Distribution

Percentile by Number Answered

Percent of People with Each Score

Your Score History

You have not taken this quiz